00815nam a22002057a 450000500170000000800410001704000700005804100080012810000390013624500550017525000630023026000490029330000220034249000430036450001000040765000170050765000130052465100480053765100240058520210908153406.0130821s1915 ck gr spa  aCo-BoUCMbspacSandra Yazo (modificó)dSandra Yazo (modificó)00aspa aIbañez, Pedro Maríad1854-191900aCrónicas de BogotácPor Pedro María Ibañez a2a. ed notablemente aumentada, con numerosas ilustraciones aBogotá (Colombia)bImprenta Nacionalc1915 av. 2 (xiv, 466 p) aBiblioteca de Historia Nacional; v. 11 aIncluye bibliografía e índice. -- Este libro se encuentra en el depósito de la biblioteca04aCronología04aHistoria aBogotá (Bogotá)xHistoriavCronología aBogotá (Colombia)